Kinh tế môi trường 1

Guardat en:
Dades bibliogràfiques
Autor principal: Lino Grima, A. P.
Format: Llibre
Idioma:Undetermined
Publicat: Toronto, Canada Đại học Tổng hợp Toronto 1996
Matèries:
Etiquetes: Afegir etiqueta
Sense etiquetes, Sigues el primer a etiquetar aquest registre!
Thư viện lưu trữ: Trung tâm Học liệu Trường Đại học Cần Thơ
LEADER 00628nam a2200193Ia 4500
001 CTU_142783
008 210402s9999 xx 000 0 und d
082 |a 333.7 
082 |b L735/T.1 
100 |a Lino Grima, A. P. 
245 0 |a Kinh tế môi trường 1 
245 0 |c A. P. Lino Grima 
260 |a Toronto, Canada 
260 |b Đại học Tổng hợp Toronto 
260 |c 1996 
650 |a Environmental economics,Environmental policy,Economic development,Kinh tế môi trường 
650 |x Environmental aspects 
904 |i Năm 
980 |a Trung tâm Học liệu Trường Đại học Cần Thơ